000 00570 a2200169 4500
999 _c12968
_d12968
003 OSt
005 20240906160255.0
008 240906b ||||| |||| 00| 0 eng d
020 _a9789361567148
040 _aBMSCA
100 _aBalakrishnan, Gita
245 _a1700 in 70: a walk for a cause
260 _bRupa Publication India Pvt. Ltd
_c2024
_aNew Delhi
300 _axvii, 189 pages,
_c24 cm
_e24 unnumbered pages of plates : illustrations (colour), maps (black and white)
650 _2Architect biography
_aArchitect biography
_zArchitect biography
942 _2ddc